[Event "Reykjavik Open 2026"]
[Site "Reykjavik ISL"]
[Date "2026.03.25"]
[Round "1.94"]
[White "Pleschke, Julius Jonas"]
[Black "Gillmeister, Robin"]
[Result "1-0"]
[WhiteTitle "CM"]
[WhiteElo "2208"]
[BlackElo "1939"]
[WhiteFideId "54734258"]
[BlackFideId "24684414"]
[EventDate "2026.03.25"]

1. d4 e6 2. c4 f5 3. Nf3 Nf6 4. g3 d5 5. Bf4 Bb4+ 6. Nbd2 c6 7. Rc1 O-O 8. Bg2
Bd7 9. Qb3 Qb6 10. O-O Bxd2 11. Nxd2 Be8 12. c5 Qxb3 13. Nxb3 b5 14. Na5 Rf7 15.
b4 Na6 16. a3 Rc8 17. Rfe1 Re7 18. Bd6 Rd7 19. f3 Rf7 20. Bh3 Nc7 21. Be5 Bd7
22. Kf2 g5 23. Ke3 Nce8 24. Kd2 h5 25. Ra1 g4 26. Bg2 a6 27. Nb7 Rh7 28. a4 h4
29. axb5 axb5 30. gxh4 Rxh4 31. Ra7 Kf7 32. Rea1 Kg6 33. Ra8 Rh7 34. Rxc8 Bxc8
35. Nd8 Nd7 36. Bf4 e5 37. dxe5 Nc7 38. fxg4 1-0

[Event "Reykjavik Open 2026"]
[Site "Reykjavik ISL"]
[Date "2026.03.25"]
[Round "1.95"]
[White "Hartmann, Wolfgang"]
[Black "Fossheim, Yngve"]
[Result "0-1"]
[WhiteElo "1934"]
[BlackElo "2208"]
[WhiteFideId "12977373"]
[BlackFideId "1512277"]
[EventDate "2026.03.25"]

1. c4 e5 2. g3 Nf6 3. Bg2 d5 4. cxd5 Nxd5 5. Nc3 Nb6 6. e3 Nc6 7. Nge2 Be7 8.
O-O O-O 9. f4 exf4 10. Nxf4 Ne5 11. d4 Ng6 12. Nd3 c6 13. b3 Be6 14. Bb2 a5 15.
Nc5 Bxc5 16. dxc5 Nd5 17. Bxd5 Bxd5 18. Qd4 f6 19. Rad1 Bf7 20. Na4 Qe7 21. Qd2
Bd5 22. Nc3 Rad8 23. Nxd5 Rxd5 24. Bd4 Ra8 25. a4 Qe4 26. Qg2 Re8 27. Qxe4 Rxe4
28. Kg2 Nf8 29. h3 Ne6 30. Kf3 f5 31. g4 Nxd4+ 32. exd4 Rexd4 33. Rxd4 Rxd4 34.
gxf5 Rb4 35. Rd1 Kf7 36. Rd6 Rxb3+ 37. Ke4 Rxh3 38. Rd7+ Kf6 39. Rd6+ Ke7 40.
Re6+ Kf7 41. Rd6 Rh1 42. Rd7+ Kf6 43. Rd6+ Kg5 44. Rd7 Re1+ 45. Kf3 Kf6 0-1

[Event "Reykjavik Open 2026"]
[Site "Reykjavik ISL"]
[Date "2026.03.25"]
[Round "1.96"]
[White "Birkisson, Bardur Orn"]
[Black "Davidsson, Oskar Vikingur"]
[Result "1-0"]
[WhiteTitle "FM"]
[WhiteElo "2207"]
[BlackElo "1933"]
[WhiteFideId "2310597"]
[BlackFideId "2310627"]
[EventDate "2026.03.25"]

1. d4 d5 2. c4 e6 3. Nf3 c6 4. Bg5 Be7 5. Bxe7 Qxe7 6. e3 Nf6 7. Nc3 O-O 8. Be2
Nbd7 9. O-O dxc4 10. Bxc4 c5 11. e4 cxd4 12. Qxd4 e5 13. Nd5 Qd6 14. Nxf6+ Qxf6
15. Qc3 g5 16. Rfd1 g4 17. Nd2 Nb6 18. Bb3 Be6 19. Nf1 Rac8 20. Qg3 Nc4 21. Rac1
Nxb2 22. Rxc8 Rxc8 23. Bxe6 Qxe6 24. Rd6 Qxd6 25. Qxg4+ Kh8 26. Qxc8+ Kg7 27.
Qxb7 Qd4 28. Ne3 Qb6 29. Qe7 Nc4 30. Nf5+ Kg6 31. h4 Qf6 32. Qf8 h5 33. Qg8+ Qg7
34. Qxg7# 1-0

[Event "Reykjavik Open 2026"]
[Site "Reykjavik ISL"]
[Date "2026.03.25"]
[Round "1.97"]
[White "Ferzli, Michael"]
[Black "Mannion, Stephen R"]
[Result "1/2-1/2"]
[BlackTitle "IM"]
[WhiteElo "1930"]
[BlackElo "2202"]
[WhiteFideId "5310288"]
[BlackFideId "2400111"]
[EventDate "2026.03.25"]

1. d4 d5 2. Nf3 Nf6 3. g3 Bf5 4. c4 e6 5. Nc3 c6 6. Qb3 Qb6 7. c5 Qxb3 8. axb3
Be7 9. Bf4 O-O 10. h3 h6 11. g4 Bh7 12. e3 a6 13. Be2 Nbd7 14. b4 Ne4 15. O-O
Rfe8 16. Na2 f6 17. Nc1 Bf8 1/2-1/2

[Event "Reykjavik Open 2026"]
[Site "Reykjavik ISL"]
[Date "2026.03.25"]
[Round "1.98"]
[White "Matsumura, Cocoro"]
[Black "Carey, Michael"]
[Result "1-0"]
[WhiteTitle "CM"]
[WhiteElo "2202"]
[BlackElo "1929"]
[WhiteFideId "36087114"]
[BlackFideId "30923760"]
[EventDate "2026.03.25"]

1. e4 c5 2. Nf3 d6 3. Bb5+ Bd7 4. Bxd7+ Qxd7 5. O-O Nf6 6. Qe2 a6 7. c3 e6 8. d4
Qc7 9. d5 e5 10. a4 b6 11. Bg5 Nbd7 12. Nbd2 h6 13. Bxf6 Nxf6 14. Nh4 Nd7 15.
Nc4 g6 16. f4 exf4 17. a5 b5 18. Nb6 Rd8 19. Rxf4 Ne5 20. Nf3 Bg7 21. c4 b4 22.
Nd2 O-O 23. Raf1 h5 24. h3 Qe7 25. g3 Bh6 26. Kh2 Rde8 27. Rf6 Bg5 28. R6f2 f5
29. Kg2 f4 30. gxf4 Bxf4 31. Nf3 Nxf3 32. Rxf3 Qxe4 33. Qxe4 Rxe4 34. Nd7 Rf5
35. Nb8 g5 36. Nxa6 Re2+ 37. R3f2 Re7 38. Nb8 Rf8 39. Nc6 Re3 40. Rf3 Re2+ 41.
R1f2 Re1 42. a6 Ra1 43. a7 Re8 44. h4 Ree1 45. Rf1 Re2+ 46. R3f2 Rxf2+ 47. Kxf2
gxh4 48. Rxa1 1-0

[Event "Reykjavik Open 2026"]
[Site "Reykjavik ISL"]
[Date "2026.03.25"]
[Round "1.99"]
[White "Damen, Josephine"]
[Black "Vemparala, Nikash"]
[Result "0-1"]
[BlackTitle "CM"]
[WhiteElo "1928"]
[BlackElo "2201"]
[WhiteFideId "1074369"]
[BlackFideId "30960967"]
[EventDate "2026.03.25"]

1. e4 e5 2. Nf3 Nc6 3. Bc4 Nf6 4. d4 exd4 5. e5 d5 6. Bb5 Ne4 7. Nxd4 Bc5 8. O-O
Bd7 9. Bxc6 bxc6 10. Be3 O-O 11. f3 Ng5 12. f4 Ne4 13. Nd2 Bb6 14. Nxe4 dxe4 15.
Qe2 f5 16. a4 a5 17. Nb3 Qe7 18. Qf2 Bxe3 19. Qxe3 Rfb8 20. Qc5 Qxc5+ 21. Nxc5
Be8 22. b3 Bh5 23. Kf2 Rd8 24. Ke3 Kf7 25. c4 Rab8 26. Rab1 Ke7 27. Rf2 Bf7 28.
Rbb2 Rd1 29. Rbd2 Rc1 30. Rc2 Rb1 31. Rfd2 Ke8 32. h3 Bh5 33. Rb2 Rc1 34. Rbc2
Rf1 0-1

[Event "Reykjavik Open 2026"]
[Site "Reykjavik ISL"]
[Date "2026.03.25"]
[Round "1.100"]
[White "Birkisson, Bjorn Holm"]
[Black "Delpech, Anthony"]
[Result "1-0"]
[WhiteTitle "CM"]
[WhiteElo "2200"]
[BlackElo "1927"]
[WhiteFideId "2310600"]
[BlackFideId "36021245"]
[EventDate "2026.03.25"]

1. d4 Nf6 2. c4 g6 3. Nc3 d5 4. e3 Bg7 5. cxd5 Nxd5 6. Nxd5 Qxd5 7. Ne2 O-O 8.
Nc3 Qd8 9. Be2 c5 10. d5 e6 11. e4 exd5 12. exd5 a6 13. O-O b5 14. Bf4 Bb7 15.
Qd2 b4 16. Na4 Qa5 17. b3 Rd8 18. Rac1 Bd4 19. Bc7 Qxc7 20. Qxd4 Rxd5 21. Rxc5
Rxc5 22. Qxc5 Qc6 23. Qxc6 Nxc6 24. Nc5 Nd4 25. Bc4 Bc8 26. Rd1 Be6 27. Bxe6
Nxe6 28. Nxe6 fxe6 29. g3 Ra7 30. Rd6 Kf7 31. Rb6 a5 32. Rb5 Ke7 33. Kg2 Kd6 34.
Rb6+ Kd5 35. Kf3 Kd4 36. Rxe6 Rf7+ 37. Kg2 Kc3 38. Re2 Kd3 39. Kf1 Kc3 40. f4
Ra7 41. Kf2 Kd3 42. g4 a4 43. bxa4 Rxa4 44. Kf3 Ra5 45. Rb2 Kc3 46. Rf2 Kd3 47.
f5 gxf5 48. g5 Re5 49. Kg3 Ke3 50. h4 Ra5 51. Rf3+ Ke4 52. Rf4+ Ke5 53. Rxb4
Rxa2 54. Rb7 Ra3+ 55. Kf2 Ra2+ 56. Kf3 Ra3+ 57. Ke2 Ra2+ 58. Kd3 Ra3+ 59. Kc2 f4
60. Rxh7 Kf5 61. Rf7+ Kg4 62. g6 Kxh4 63. Rh7+ 1-0

[Event "Reykjavik Open 2026"]
[Site "Reykjavik ISL"]
[Date "2026.03.25"]
[Round "1.101"]
[White "Heyl, Thomas"]
[Black "Marie, Maxime"]
[Result "1-0"]
[BlackTitle "CM"]
[WhiteElo "1926"]
[BlackElo "2193"]
[WhiteFideId "4623371"]
[BlackFideId "625590"]
[EventDate "2026.03.25"]

1. c4 e6 2. Nc3 d5 3. d4 a6 4. cxd5 exd5 5. Nf3 c6 6. Bf4 Bd6 7. Bxd6 Qxd6 8. e3
Nf6 9. Bd3 O-O 10. h3 Be6 11. O-O Nbd7 12. Rc1 Rfe8 13. Bb1 g6 14. a3 Kg7 15.
Ng5 h6 16. Nxe6+ Rxe6 17. Ne2 Rae8 18. Nf4 R6e7 19. g3 Nb6 20. Bd3 Ne4 21. Bxe4
Rxe4 22. a4 R8e7 23. b3 Nd7 24. Kg2 h5 25. Nd3 h4 26. Qf3 f5 27. gxh4 Qf6 28.
Rg1 Rxh4 29. Nf4 Kf8 30. Kh2 g5 31. Qg3 Rg7 32. Qxh4 gxh4 33. Rxg7 Kxg7 34. Nh5+
Kf7 35. Nxf6 Nxf6 36. f3 f4 37. Re1 Nh5 38. e4 dxe4 39. Rxe4 b5 40. Re5 Ng3 41.
Kg2 bxa4 42. bxa4 a5 43. Kf2 Kf6 44. Rc5 Ke6 45. Rxc6+ Kd5 46. Rc5+ Kxd4 47.
Rxa5 Kc4 48. Ra8 Nh1+ 49. Kg2 Ng3 50. Rf8 Ne2 51. Kf2 Ng3 52. Rb8 Nf5 53. a5 1-0

[Event "Reykjavik Open 2026"]
[Site "Reykjavik ISL"]
[Date "2026.03.25"]
[Round "1.102"]
[White "Wall, Tim P"]
[Black "Heidarsson, Mikael Bjarki"]
[Result "0-1"]
[WhiteTitle "FM"]
[WhiteElo "2189"]
[BlackElo "1925"]
[WhiteFideId "401641"]
[BlackFideId "2317532"]
[EventDate "2026.03.25"]

1. d4 Nf6 2. Nf3 d5 3. c3 h6 4. Bf4 c6 5. Qc2 Ne4 6. e3 Bf5 7. Qb3 Qb6 8. Nbd2
Nd7 9. Nxe4 Bxe4 10. Nd2 Bg6 11. Be2 f6 12. Nf3 Qxb3 13. axb3 a6 14. b4 Rc8 15.
O-O Kf7 16. h3 Re8 17. Bh2 e5 18. Rfe1 Bd6 19. Nd2 Bb8 20. Nb3 Re7 21. Nc5 Nb6
22. Red1 exd4 23. Rxd4 Bxh2+ 24. Kxh2 Rhe8 25. b3 Kf8 26. c4 Bf7 27. Kg1 Nc8 28.
Bf3 Nb6 29. Be2 Nc8 30. Rc1 Nd6 31. Bg4 f5 32. Bf3 Ne4 33. Be2 dxc4 34. Nxe4
Rxe4 35. Rxe4 fxe4 36. bxc4 Rd8 37. Rc2 Rc8 38. Bg4 Rc7 39. c5 Ke7 40. Rd2 Bd5
41. f3 b6 42. Rd4 bxc5 43. bxc5 exf3 44. gxf3 a5 45. Ra4 Ra7 46. Ra3 a4 47. Bf5
Bb3 48. Be4 Kd7 0-1

[Event "Reykjavik Open 2026"]
[Site "Reykjavik ISL"]
[Date "2026.03.25"]
[Round "1.103"]
[White "Broihier, Ian"]
[Black "Zhang, Jiabao"]
[Result "1-0"]
[WhiteElo "1922"]
[BlackElo "2184"]
[WhiteFideId "39902773"]
[BlackFideId "8606560"]
[EventDate "2026.03.25"]

1. e4 c5 2. Nc3 Nc6 3. Bb5 e6 4. Nf3 Nge7 5. d4 cxd4 6. Nxd4 a6 7. Be2 Nxd4 8.
Qxd4 Nc6 9. Qd3 Be7 10. Qg3 O-O 11. Bh6 Bf6 12. h4 Qa5 13. f4 Kh8 14. Bg5 Bxc3+
15. bxc3 f6 16. Kd2 Qc7 17. e5 fxe5 18. fxe5 Qxe5 19. Raf1 Rg8 20. Bf4 Qd5+ 21.
Ke1 e5 22. Bd2 d6 23. h5 Qe4 24. Rh4 Qxc2 25. Bd3 Qxa2 26. Bc4 Qc2 27. Bd3 Qb2
28. Bxh7 Bd7 29. Bxg8 Rxg8 30. h6 g5 31. h7 Qb1+ 32. Ke2 Qxf1+ 33. Kxf1 Rf8+ 34.
Ke1 gxh4 35. Qg6 Bf5 36. Qxd6 Rf7 37. Bg5 Kxh7 38. Qh6+ Kg8 39. Bf6 Bh7 40. Qxh4
Kf8 41. g4 Ke8 42. g5 Ne7 43. Bxe7 Rxe7 44. Qh5+ Kf8 45. Qh6+ Rg7 46. Qf6+ Rf7
47. Qd6+ Re7 48. g6 Bg8 49. Qd8+ 1-0

[Event "Reykjavik Open 2026"]
[Site "Reykjavik ISL"]
[Date "2026.03.25"]
[Round "1.104"]
[White "Lyutsinger, Iren"]
[Black "Catapano, Alberto Pasquale"]
[Result "1-0"]
[WhiteTitle "FM"]
[WhiteElo "2182"]
[BlackElo "1922"]
[WhiteFideId "34425969"]
[BlackFideId "2856161"]
[EventDate "2026.03.25"]

1. e4 c6 2. d4 d5 3. Nc3 dxe4 4. Nxe4 Nd7 5. Ng5 Ngf6 6. Bd3 e6 7. N1f3 Bd6 8.
Qe2 h6 9. Ne4 Nxe4 10. Qxe4 Nf6 11. Qe2 b6 12. O-O O-O 13. Be3 Qc7 14. Rad1 c5
15. c4 Bb7 16. h3 Rad8 17. Bb1 Rfe8 18. dxc5 Bxc5 19. Bxc5 Qxc5 20. Ne5 Qc7 21.
b4 Rxd1 22. Rxd1 Rd8 23. c5 Rd5 24. Rxd5 Bxd5 25. Qe3 bxc5 26. bxc5 Nd7 27. Nxd7
Qxd7 28. Be4 Kf8 29. Bxd5 Qxd5 30. Qa3 Qe5 31. c6+ 1-0

[Event "Reykjavik Open 2026"]
[Site "Reykjavik ISL"]
[Date "2026.03.25"]
[Round "1.105"]
[White "Bartlett, Aiden Emerson"]
[Black "Han, Eva"]
[Result "0-1"]
[WhiteElo "1919"]
[BlackElo "1710"]
[WhiteFideId "39922405"]
[BlackFideId "343095824"]
[EventDate "2026.03.25"]

1. Nf3 d5 2. d4 e6 3. c4 Nf6 4. g3 c5 5. Bg2 Nc6 6. cxd5 Nxd5 7. O-O cxd4 8.
Nxd4 Bc5 9. Nxc6 bxc6 10. e4 Nb4 11. Qxd8+ Kxd8 12. Nc3 Ba6 13. Rd1+ Ke7 14. Na4
Bd6 15. Be3 Bb5 16. Bc5 Bxc5 17. Nxc5 Rad8 18. a3 Nc2 19. Rac1 Nd4 20. Bf1 e5
21. Bxb5 cxb5 22. Kg2 Rc8 23. Nd3 f6 24. Nb4 Ke6 25. Nd5 f5 26. f3 Rhf8 27. Ne3
f4 28. Rxc8 Rxc8 29. gxf4 exf4 30. Nd5 Rc2+ 31. Kh3 Nxf3 32. Nxf4+ Ke5 33. Ng2
Ng5+ 34. Kg3 Nxe4+ 35. Kf3 Rf2+ 36. Ke3 Rxg2 37. Rd8 Rxh2 38. Re8+ Kf5 39. Kd4
Rd2+ 40. Ke3 Rxb2 41. Kd4 Rd2+ 42. Ke3 Ra2 43. Rxe4 Rxa3+ 44. Kd4 0-1

[Event "Reykjavik Open 2026"]
[Site "Reykjavik ISL"]
[Date "2026.03.25"]
[Round "1.106"]
[White "Austin, Freya"]
[Black "Schuurmans, Arjan"]
[Result "1/2-1/2"]
[WhiteElo "1708"]
[BlackElo "1913"]
[WhiteFideId "39932079"]
[BlackFideId "1084763"]
[EventDate "2026.03.25"]

1. e4 c5 2. c3 e6 3. d4 d5 4. e5 Nc6 5. Nf3 Bd7 6. Bd3 cxd4 7. cxd4 Qb6 8. Bc2
Nb4 9. O-O Nxc2 10. Qxc2 Rc8 11. Nc3 Ne7 12. Bf4 Nf5 13. Rad1 Bb4 14. Qd2 Rc4
15. g4 Ne7 16. Rc1 Nc6 17. Be3 Qa5 18. a3 Bxc3 19. Rxc3 Rxc3 20. Qxc3 Qxc3 21.
bxc3 Na5 22. Nd2 Ke7 23. f4 Rc8 24. Rc1 g6 25. Kf2 Bb5 26. Rb1 Bd3 27. Rc1 Rc6
28. h4 Rb6 29. Rd1 Rb2 30. Kg3 Ra2 31. Nf3 Be2 32. Rd2 Rxd2 33. Nxd2 Kd7 34. Nf3
Bxf3 35. Kxf3 Kc6 36. f5 Kd7 37. fxg6 fxg6 38. Kf4 Ke7 39. Kg5 Kf7 40. Kh6 Kg8
41. Bg5 Nc6 42. Bf6 Na5 43. Be7 Nc4 44. Bc5 a6 45. Be7 Ne3 46. Kg5 Kf7 47. Bf6
Nd1 48. Kh6 Kg8 49. Be7 Nxc3 50. Kg5 Kf7 51. Bb4 Ne2 52. Bc5 Kg7 53. h5 h6+ 54.
Kh4 g5+ 55. Kh3 Kf7 56. Kg2 Nc3 57. Bb4 Na4 58. Kf3 Nb6 59. Bd2 Nc4 60. Bc1 Na5
61. Ke2 Nc6 62. Kd3 Ke8 63. Kc3 Kd8 64. Be3 Kc7 65. Kb3 Kb6 66. Kc3 Ka5 67. Kb3
Kb5 68. a4+ Kb6 69. Ka3 Kc7 70. a5 Kd7 71. Ka4 Ke8 72. Bf2 Kd7 73. Be3 Kc7 74.
Ka3 Kb8 75. Ka4 Kc8 76. Ka3 Kc7 77. Bd2 Nd8 78. Ka4 Kd7 79. Bb4 1/2-1/2

[Event "Reykjavik Open 2026"]
[Site "Reykjavik ISL"]
[Date "2026.03.25"]
[Round "1.107"]
[White "Nedin, Danylo"]
[Black "Mintz, Nathan"]
[Result "1-0"]
[WhiteElo "1909"]
[BlackElo "1708"]
[WhiteFideId "14195887"]
[BlackFideId "30995540"]
[EventDate "2026.03.25"]

1. b3 c5 2. Bb2 Nc6 3. e3 Nf6 4. Nf3 d5 5. Bb5 a6 6. Bxc6+ bxc6 7. Ne5 Qc7 8. d3
g6 9. Nd2 Bg7 10. Rb1 O-O 11. f4 Nd7 12. Ndf3 Nxe5 13. Nxe5 f6 14. Nf3 Bg4 15.
O-O e5 16. h3 Bxf3 17. Qxf3 d4 18. f5 Bh6 19. Bc1 Kg7 20. Bd2 Rad8 21. Rbe1 Rd6
22. Re2 Qa7 23. fxg6 hxg6 24. exd4 Bxd2 25. dxe5 Re6 26. Rxd2 Rxe5 27. Qxc6 c4+
28. Kh1 cxb3 29. axb3 Qe3 30. Rdf2 Re6 31. Qf3 Qb6 32. Re2 Rfe8 33. Rfe1 Rxe2
34. Rxe2 Rxe2 35. Qxe2 Qd6 36. Qe4 f5 37. Qe3 Qf6 38. d4 f4 39. Qe5 g5 40. Qxf6+
Kxf6 41. d5 a5 42. Kg1 Ke5 43. c4 Kd6 44. Kf2 Kc5 45. Kf3 Kb4 46. d6 Kxb3 47. d7 1-0

[Event "Reykjavik Open 2026"]
[Site "Reykjavik ISL"]
[Date "2026.03.25"]
[Round "1.108"]
[White "Robichaud, Andrew"]
[Black "T'sas, Jan"]
[Result "0-1"]
[WhiteElo "1708"]
[BlackElo "1906"]
[WhiteFideId "39963381"]
[BlackFideId "204900"]
[EventDate "2026.03.25"]

1. e4 c5 2. Nf3 e6 3. d4 cxd4 4. Nxd4 a6 5. Nc3 Qc7 6. Bd3 Nc6 7. Nxc6 dxc6 8.
O-O e5 9. Be3 Nf6 10. h3 Be6 11. a3 Be7 12. f4 exf4 13. Rxf4 Bd6 14. Rf1 Be5 15.
Qe1 O-O 16. Kh1 Nh5 17. Ne2 Bg3 18. Bf2 Be5 19. Qc1 h6 20. c3 Rad8 21. Bc2 Bc4
22. Qe3 Nf4 23. Nxf4 Bxf4 24. Qa7 Bxf1 25. Bb6 Bxg2+ 26. Kxg2 Rd2+ 27. Kf3 Qe5
28. Bd4 Qh5+ 29. Kxf4 Qg5+ 30. Kf3 Qg2+ 31. Kf4 g5+ 32. Ke5 Qg3+ 33. Kf6 Qd6+
34. Kf5 Qe6# 0-1

[Event "Reykjavik Open 2026"]
[Site "Reykjavik ISL"]
[Date "2026.03.25"]
[Round "1.109"]
[White "Andersson, Mitchell"]
[Black "Gulyas Adam Ferenc"]
[Result "1-0"]
[WhiteElo "1905"]
[BlackElo "1705"]
[WhiteFideId "1765817"]
[BlackFideId "2330059"]
[EventDate "2026.03.25"]

1. e4 e5 2. Nf3 Nc6 3. d4 exd4 4. Nxd4 Bc5 5. Nb3 Bb6 6. Nc3 Qf6 7. Qe2 Nge7 8.
Be3 d6 9. O-O-O Bxe3+ 10. Qxe3 a5 11. Nb5 O-O 12. Nxc7 Rb8 13. Bb5 Bd7 14. Qg3
Rfc8 15. Rxd6 Be6 16. Nxe6 fxe6 17. a3 a4 18. Bc4 Nd8 19. Nd2 Nec6 20. Nf3 b5
21. Bd3 b4 22. e5 Qh6+ 23. Qg5 Qxg5+ 24. Nxg5 Nxe5 25. Bxh7+ Kh8 26. Bd3 bxa3
27. bxa3 Nb7 28. Rd4 Nc5 29. Rh4+ Kg8 30. Bh7+ Kf8 31. Kd2 Rb2 32. Re1 Ncd7 33.
Nxe6+ Kf7 34. Ng5+ Kf6 35. Ne4+ Ke6 36. Bf5+ Kd5 37. Nc3+ Kd6 38. Rd4+ Kc7 39.
Bxd7 Nxd7 40. Rc4+ Kd8 41. Rxc8+ Kxc8 42. Nxa4 Ra2 43. Re3 Nf6 44. h3 Kc7 45.
Nc3 Ra1 46. Re7+ Kd6 47. Rxg7 Ke6 1-0

[Event "Reykjavik Open 2026"]
[Site "Reykjavik ISL"]
[Date "2026.03.25"]
[Round "1.111"]
[White "Karlinder, Lovis Neo"]
[Black "Walo, Max"]
[Result "1/2-1/2"]
[WhiteElo "1903"]
[BlackElo "1705"]
[WhiteFideId "34664785"]
[BlackFideId "1354701"]
[EventDate "2026.03.25"]

1. e4 c6 2. d4 d5 3. e5 Bf5 4. Bd3 Bxd3 5. Qxd3 e6 6. Ne2 Ne7 7. O-O Ng6 8. Nd2
Be7 9. Nf3 O-O 10. g3 c5 11. c3 Nc6 12. h4 cxd4 13. cxd4 f6 14. exf6 Bxf6 15. h5
Nh8 16. Nf4 Qd7 17. Bd2 Nf7 18. Kg2 Rad8 19. Rae1 Rfe8 20. Nh3 e5 21. dxe5 Ncxe5
22. Nxe5 Rxe5 23. Nf4 d4 24. Rxe5 Nxe5 25. Qb3+ Qf7 26. Qxf7+ Kxf7 27. b3 Rc8
28. Rc1 Rxc1 29. Bxc1 g5 30. hxg6+ hxg6 31. f3 g5 32. Nd5 Bd8 33. f4 gxf4 34.
Nxf4 Ba5 35. Kf2 Kf6 36. Bb2 Nc6 37. Nd3 Kf5 38. Ke2 b6 1/2-1/2

[Event "Reykjavik Open 2026"]
[Site "Reykjavik ISL"]
[Date "2026.03.25"]
[Round "1.112"]
[White "Morrish, John"]
[Black "Johannsson, Markus Orri"]
[Result "0-1"]
[WhiteElo "1704"]
[BlackElo "1900"]
[WhiteFideId "343410324"]
[BlackFideId "2318539"]
[EventDate "2026.03.25"]

1. e4 c5 2. d4 cxd4 3. c3 dxc3 4. Nxc3 e6 5. Nf3 Nc6 6. Bc4 Bb4 7. O-O Nge7 8.
Nb5 O-O 9. Bf4 a6 10. Bc7 Qe8 11. Nd6 Bxd6 12. Bxd6 b5 13. Bd3 f6 14. Rc1 Bb7
15. Qb3 Rf7 16. Rfd1 Nc8 17. Bf4 Nb6 18. Bc7 Na4 19. Bd6 Nb6 20. Bc7 Nc8 21. Bf4
Kh8 22. Re1 Qf8 23. a3 Qd8 24. Rcd1 Qf8 25. Qc2 h6 26. Qd2 g5 27. Bg3 b4 28. a4
a5 29. b3 Ba6 30. Bxa6 Rxa6 31. Qd3 Ra7 32. Qe3 Rb7 33. Rd3 f5 34. exf5 Rxf5 35.
Ne5 Nxe5 36. Bxe5+ Kg8 37. Qe4 d5 38. Qe2 Rb6 39. Rc1 Qe8 40. Rh3 Rc6 41. Bb2
Rxc1+ 42. Bxc1 Qg6 43. Re3 Kf7 44. Rd3 Ne7 45. Bb2 Rf4 46. Rd1 g4 47. Bd4 Nc6
48. Bb6 d4 49. Qc4 Qe4 50. Qc1 e5 51. Re1 Qd5 52. g3 Rf6 53. Bc7 d3 54. Qd1 Nd4 0-1

[Event "Reykjavik Open 2026"]
[Site "Reykjavik ISL"]
[Date "2026.03.25"]
[Round "1.113"]
[White "Matsunaga, Toma"]
[Black "Renaud, Jacques"]
[Result "1/2-1/2"]
[WhiteElo "1900"]
[BlackElo "1704"]
[WhiteFideId "7005512"]
[BlackFideId "651088797"]
[EventDate "2026.03.25"]

1. e4 e6 2. d4 d5 3. e5 c5 4. c3 Nc6 5. Nf3 Qb6 6. Bd3 Bd7 7. dxc5 Qc7 8. Qe2
Bxc5 9. b4 Bb6 10. a4 Nxb4 11. Ba3 Nxd3+ 12. Qxd3 Bc5 13. Bxc5 1/2-1/2

[Event "Reykjavik Open 2026"]
[Site "Reykjavik ISL"]
[Date "2026.03.25"]
[Round "1.114"]
[White "Jempty, George M"]
[Black "Tinkler, Paul"]
[Result "0-1"]
[WhiteElo "1699"]
[BlackElo "1897"]
[WhiteFideId "2059100"]
[BlackFideId "30961289"]
[EventDate "2026.03.25"]

1. d4 f5 2. Nh3 g6 3. Bg5 Nh6 4. e3 Nf7 5. Bh4 Bg7 6. f4 d5 7. c4 c6 8. Nc3 Be6
9. c5 Nd7 10. b4 Nf6 11. Qd2 Ne4 12. Nxe4 fxe4 13. Ng5 Nxg5 14. fxg5 O-O 15. Be2
Qd7 16. h3 Qc7 17. Bf2 Bf5 18. g4 Bd7 19. O-O Rae8 20. Rab1 Qd8 21. Rb3 e5 22.
Bh4 exd4 23. exd4 Rxf1+ 24. Kxf1 Qe7 25. Qe3 Rf8+ 26. Kg2 Bh8 27. Bg3 Rf7 28.
Bd6 Qe6 29. a4 a5 30. Rb1 Bg7 31. Rd1 Qe8 32. h4 Bf8 33. Bf4 Qc8 34. Kg3 Be7 35.
Be5 Bd8 36. Kh3 Bc7 37. Bf6 h5 38. Rg1 Qb8 39. Rf1 hxg4+ 40. Bxg4 Bxg4+ 0-1

[Event "Reykjavik Open 2026"]
[Site "Reykjavik ISL"]
[Date "2026.03.25"]
[Round "1.115"]
[White "Paricharak, Shardul"]
[Black "Urbaniak, Andreas"]
[Result "1-0"]
[WhiteElo "1895"]
[BlackElo "1697"]
[WhiteFideId "7500432"]
[BlackFideId "24685020"]
[EventDate "2026.03.25"]

1. Nf3 d5 2. b3 Bf5 3. Bb2 Nf6 4. g3 Nc6 5. Bg2 Qd7 6. h3 O-O-O 7. d3 Kb8 8. Ng5
Bg6 9. O-O h6 10. Nf3 d4 11. c3 e5 12. cxd4 exd4 13. Nbd2 Bc5 14. Qc2 Bb6 15.
Nc4 Rhe8 16. a4 a5 17. Nxb6 cxb6 18. Rfe1 Bf5 19. Kh2 Be6 20. Nd2 Nb4 21. Qd1
Rc8 22. Nc4 Bxc4 23. bxc4 Rc5 24. Bf3 Nh7 25. Qd2 Ng5 26. Bg2 Rf5 27. h4 Nh7 28.
Kg1 Rc5 29. Rac1 Nc6 30. Qf4+ Ka7 31. Bd5 Nf6 32. e4 Nb4 33. Red1 Nfxd5 34. exd5
Na2 35. Rb1 Nc3 36. Bxc3 dxc3 37. Qc1 Qxa4 38. Qxc3 f6 39. Ra1 Qd7 40. d4 Rcc8
41. c5 Ka6 42. Rdb1 Qxd5 43. Rxb6+ Ka7 44. Qxa5+ Kb8 45. Qa7+ Kc7 46. c6 Rb8 47.
Rxb7+ Rxb7 48. Qxb7+ 1-0

[Event "Reykjavik Open 2026"]
[Site "Reykjavik ISL"]
[Date "2026.03.25"]
[Round "1.116"]
[White "Blomkvist, Kenneth"]
[Black "Leosson, Haukur Vidis"]
[Result "0-1"]
[WhiteElo "1685"]
[BlackElo "1893"]
[WhiteFideId "1772759"]
[BlackFideId "2325780"]
[EventDate "2026.03.25"]

1. e4 e6 2. d4 d5 3. Nd2 dxe4 4. Nxe4 Nd7 5. Nf3 Ngf6 6. Nxf6+ Nxf6 7. c3 c5 8.
Be3 Qc7 9. Bb5+ Bd7 10. Bxd7+ Nxd7 11. O-O Bd6 12. h3 O-O 13. Ng5 cxd4 14. Qc2
Nf6 15. Bxd4 e5 16. Be3 Qc6 17. Nf3 Nd5 18. Qe2 Rad8 19. Rfd1 Bb8 20. Rac1 e4
21. Nd4 Qd6 22. g3 Qg6 23. c4 Nb4 24. a3 Nd3 25. Rxd3 exd3 26. Qf3 Rfe8 27. Rd1
h6 28. Kg2 Qe4 29. Qxe4 Rxe4 30. Rxd3 Be5 31. Kf3 Rexd4 32. Bxd4 Rxd4 0-1

[Event "Reykjavik Open 2026"]
[Site "Reykjavik ISL"]
[Date "2026.03.25"]
[Round "1.117"]
[White "Koerner, Florian"]
[Black "Gultekin, Ece"]
[Result "0-1"]
[WhiteElo "1891"]
[BlackElo "1684"]
[WhiteFideId "34605525"]
[BlackFideId "1772945"]
[EventDate "2026.03.25"]

1. f4 d5 2. Nf3 Bg4 3. Ne5 h5 4. c4 dxc4 5. Qa4+ c6 6. Qxc4 e6 7. e4 Bd6 8. d4
Qh4+ 9. g3 Qd8 10. Bg2 Bxe5 11. dxe5 h4 12. h3 Qd1+ 13. Kf2 hxg3+ 14. Ke3 Qd8
15. hxg4 Rxh1 16. Bxh1 Qh4 17. Bf3 Qh2 18. Qf1 Nh6 19. Qg2 Nxg4+ 20. Ke2 Qh4 21.
Bd2 Nh2 22. Nc3 Na6 23. Rh1 O-O-O 24. Be1 Qxf4 25. Qxg3 Rd2+ 26. Bxd2 Qxg3 27.
Rxh2 Qxh2+ 28. Ke3 Nb4 29. Be2 Qh6+ 30. Kf3 Qxd2 31. Bc4 Nc2 0-1